| 000 | 00435nam a22001817a 4500 | ||
|---|---|---|---|
| 999 |
_c11666 _d11666 |
||
| 003 | OSt | ||
| 008 | 230106b ||||| |||| 00| 0 eng d | ||
| 020 | _a9789332557185 | ||
| 082 | _a658.8 KOM | ||
| 100 | _aPHILIP KOTLER | ||
| 245 | _aMarketing Management | ||
| 250 | _a15th Ed | ||
| 260 |
_aNew Delhi _bPearson _c2022 |
||
| 300 | _a756 & MISC | ||
| 650 | _aMarketing Management | ||
| 700 | _aKELLER,Kevin Lane | ||
| 942 |
_2ddc _cREF |
||